Thực hành hóa học hữu cơ T.2 Thí nghiệm lượng nhỏ

সংরক্ষণ করুন:
গ্রন্থ-পঞ্জীর বিবরন
প্রধান লেখক: Nguyễn Văn Tòng
বিন্যাস: গ্রন্থ
প্রকাশিত: H. Giáo dục 1983
বিষয়গুলি:
ট্যাগগুলো: ট্যাগ যুক্ত করুন
কোনো ট্যাগ নেই, প্রথমজন হিসাবে ট্যাগ করুন!
Thư viện lưu trữ: Trung tâm Học liệu Lê Vũ Hùng, Trường Đại học Đồng Tháp
LEADER 00934pam a22002898a 4500
001 00027351
005 20171026081025.0
008 111028s1983 ||||||Viesd
041 0 # |a Vie 
082 1 # |a 547.007 1  |b TH552H 
100 0 # |a Nguyễn Văn Tòng 
245 0 0 |a Thực hành hóa học hữu cơ  |c Nguyễn Văn Tòng  |n T.2  |p Thí nghiệm lượng nhỏ 
260 # # |a H.  |b Giáo dục  |c 1983 
300 # # |a 120 tr.  |c 21 cm. 
500 # # |a ĐTTS ghi: sách Đại học sư phạm 
653 # # |a Hidrocácbon 
653 # # |a Thực hành hóa học 
653 # # |a Hữu cơ 
653 # # |a Hợp chất 
653 # # |a Hóa học hữu cơ 
852 # # |j KGT.0033664 
852 # # |b Kho mượn  |j KGT.0033664 
852 # # |b Kho giáo trình  |j KGT.0033664 
910 |d 28/10/2011 
980 # # |a Trung tâm Học liệu Lê Vũ Hùng, Trường Đại học Đồng Tháp